[Event "Qatar Masters Open 2024"]
[Site "Doha QAT"]
[Date "2024.12.10"]
[Round "7.41"]
[White "Abdurakhmonov, Mukhammadali"]
[Black "Daakshin, Arun"]
[Result "1-0"]
[WhiteTitle "IM"]
[BlackTitle "FM"]
[WhiteElo "2395"]
[BlackElo "2286"]
[WhiteFideId "14207346"]
[BlackFideId "366195016"]
[EventDate "2024.12.03"]

1. e4 c5 2. Nf3 d6 3. d4 cxd4 4. Nxd4 Nf6 5. Bd3 Nc6 6. Be3 g6 7. h3 Bg7 8. c4
Ng4 9. hxg4 Bxd4 10. Bxd4 Nxd4 11. Nc3 Qa5 12. f3 Be6 13. Qa4+ Qxa4 14. Nxa4 Rc8
15. b3 f6 16. Kd2 O-O 17. Rac1 Rfd8 18. Ke3 Nc6 19. g3 Kg7 20. Nc3 Bg8 21. Rh2
e6 22. Rd2 Kf8 23. Be2 Ke7 24. Rcd1 Rc7 25. f4 Rcd7 26. Bf1 Bf7 27. Bg2 Bg8 28.
Ne2 Bf7 29. Ng1 d5 30. exd5 exd5 31. c5 Be6 32. Bf3 d4+ 33. Kf2 a5 34. Ne2 Bd5
35. Rh1 Bxf3 36. Rxh7+ Ke6 37. Rxd7 Rxd7 38. Kxf3 Rd5 39. f5+ Ke7 40. fxg6 Rxc5
41. Nxd4 Ne5+ 42. Ke4 Nxg6 43. Nf5+ Ke8 44. Rd6 Ne5 45. Rxf6 Nxg4 46. Rb6 Nf2+
47. Kf4 Nh3+ 48. Kg4 Nf2+ 49. Kg5 Ne4+ 50. Kg6 Kd8 51. g4 Kc7 52. Re6 Nc3 53.
Re7+ Kc6 54. a3 Nd5 55. Nd4+ Kb6 56. Re6+ Kc7 57. Re4 Kd7 58. Kf7 Nc7 59. Re7+
Kc8 60. Ne6 Nxe6 61. Rxe6 Rc3 62. g5 Rxb3 63. g6 1-0

[Event "Qatar Masters Open 2024"]
[Site "Doha QAT"]
[Date "2024.12.10"]
[Round "7.42"]
[White "Manish Anto, Cristiano F"]
[Black "Vantika, Agrawal"]
[Result "0-1"]
[WhiteTitle "IM"]
[BlackTitle "IM"]
[WhiteElo "2296"]
[BlackElo "2392"]
[WhiteFideId "25095927"]
[BlackFideId "25050389"]
[EventDate "2024.12.03"]

1. e4 c5 2. Nf3 d6 3. d4 cxd4 4. Nxd4 Nf6 5. Nc3 a6 6. Be3 e5 7. Nf3 Be7 8. Nd2
b5 9. a4 b4 10. Nd5 Nxd5 11. exd5 O-O 12. Nc4 Nd7 13. a5 Rb8 14. Be2 f5 15. O-O
f4 16. Bd2 Qc7 17. c3 b3 18. Ra3 Nc5 19. Nb6 e4 20. Bg4 Bb7 21. Re1 Bg5 22. Be6+
Kh8 23. c4 e3 24. fxe3 Nxe6 25. dxe6 f3 26. Rf1 fxg2 27. Rxf8+ Rxf8 28. Ra1 Rf1+
29. Qxf1 gxf1=Q+ 30. Rxf1 Bf6 31. Bc3 Kg8 32. Bxf6 gxf6 33. Nd7 Qc6 34. Nxf6+
Kg7 35. Nd5 Qxc4 36. Rf7+ Kh6 37. Rf6+ Kg5 38. h4+ Qxh4 39. e7 Bxd5 40. e8=Q
Qe1+ 41. Kh2 Qh1+ 0-1

[Event "Qatar Masters Open 2024"]
[Site "Doha QAT"]
[Date "2024.12.10"]
[Round "7.43"]
[White "Ashraf, Artin"]
[Black "Al Hosani, Omran"]
[Result "1-0"]
[WhiteTitle "FM"]
[BlackTitle "IM"]
[WhiteElo "2388"]
[BlackElo "2239"]
[WhiteFideId "22514805"]
[BlackFideId "9308733"]
[EventDate "2024.12.03"]

1. e4 c5 2. Nf3 e6 3. d4 cxd4 4. Nxd4 Nf6 5. Nc3 Nc6 6. Nxc6 bxc6 7. e5 Nd5 8.
Ne4 Qc7 9. f4 Qb6 10. c4 Bb4+ 11. Ke2 Ba6 12. Kf3 f5 13. exf6 Nxf6 14. c5 Qa5
15. Nd6+ Kf8 16. Bxa6 Qxa6 17. Be3 Nd5 18. Bd4 Ba5 19. f5 Kg8 20. Kg3 h5 21. Rf1
Rf8 22. fxe6 Be1+ 23. Rxe1 h4+ 24. Kh3 Nf4+ 25. Kg4 Nxe6 26. Be3 h3 27. gxh3 Qa5
28. Kg3 Qb4 29. Kg2 Rf6 30. Qg4 Qxb2+ 31. Kh1 Qe5 32. Rab1 Rh5 33. Qe4 Qxe4+ 34.
Nxe4 Rf3 35. Ng3 Re5 36. Bg1 Rd5 37. Red1 Ra3 38. Rxd5 cxd5 39. Rb7 d4 40. Rxd7
Nxc5 41. Rxd4 Ne6 42. Rd2 Nf4 43. h4 a5 44. Bd4 1-0

[Event "Qatar Masters Open 2024"]
[Site "Doha QAT"]
[Date "2024.12.10"]
[Round "7.44"]
[White "Abdulla, Murad"]
[Black "Swayams, Mishra"]
[Result "0-1"]
[WhiteTitle "FM"]
[BlackTitle "GM"]
[WhiteElo "2321"]
[BlackElo "2456"]
[WhiteFideId "2403757"]
[BlackFideId "5028183"]
[EventDate "2024.12.03"]

1. Nf3 d5 2. c4 e6 3. g3 Nf6 4. Bg2 d4 5. O-O c5 6. e3 Nc6 7. exd4 cxd4 8. d3 h6
9. Bf4 Nd7 10. Na3 Be7 11. Re1 g5 12. Bc1 e5 13. Nc2 a5 14. Rb1 f6 15. a3 a4 16.
b4 axb3 17. Rxb3 Nc5 18. Rb5 O-O 19. Rb1 Bf5 20. Bf1 Qe8 21. Nb4 Bd8 22. Nxc6
Qxc6 23. Rb5 Ba5 24. Bd2 Bxd2 25. Qxd2 Bg4 26. Bg2 Bxf3 27. Bxf3 Qxf3 28. Rxc5
Rxa3 29. Rc7 Rxd3 30. Qa5 Rb3 31. Ra1 Rb2 32. Rf1 Rf7 33. Rc8+ Kh7 34. Qd8 Rg7
35. Qh8+ Kg6 36. Qe8+ Kf5 37. Rc5 Kg4 38. Qe6+ Kh5 39. h3 Rg6 40. Rd5 Re2 41.
Qf7 g4 42. h4 b6 43. Rd6 Rxf2 44. Rxf2 Qxg3+ 45. Kf1 Qd3+ 46. Kg2 g3 47. Qxg6+
Qxg6 48. Rfxf6 Qe4+ 49. Kxg3 Qxh4+ 50. Kg2 Qe4+ 51. Kg3 Qe3+ 52. Kg2 d3 53. Rf3
Qe2+ 54. Kg3 Qe1+ 55. Kh3 Qh1+ 56. Kg3 Qg1+ 0-1

[Event "Qatar Masters Open 2024"]
[Site "Doha QAT"]
[Date "2024.12.10"]
[Round "7.45"]
[White "Jin, Yueheng"]
[Black "Bharadia Yash"]
[Result "1/2-1/2"]
[WhiteTitle "IM"]
[BlackTitle "CM"]
[WhiteElo "2309"]
[BlackElo "2385"]
[WhiteFideId "8616868"]
[BlackFideId "45087822"]
[EventDate "2024.12.03"]

1. Nf3 Nf6 2. c4 e6 3. g3 d5 4. Bg2 Be7 5. O-O O-O 6. d3 c5 7. Ne5 Nbd7 8. Nxd7
Bxd7 9. e4 Bc6 10. cxd5 exd5 11. e5 Ne8 12. f4 f6 13. Nc3 Nc7 14. Qg4 f5 15. Qd1
d4 16. Bxc6 bxc6 17. Nb1 Qd5 18. Na3 Ne6 19. Nc4 h6 20. Qh5 Kh7 21. Bd2 Rab8 22.
Rf2 g6 23. Qh3 h5 24. Qg2 h4 25. Qh3 Ng7 26. Raf1 Kg8 27. Rg2 Qe6 28. g4 Kf7 29.
Kf2 fxg4 30. Rxg4 Nf5 31. Qf3 Rg8 32. Ke2 Rbf8 33. Rfg1 Ke8 34. R4g2 Kd7 35. Qe4
h3 36. Rg4 Nh4 37. R1g3 Nf5 38. Rg1 Nh4 39. R1g3 Nf5 40. Rg1 Nh4 1/2-1/2

[Event "Qatar Masters Open 2024"]
[Site "Doha QAT"]
[Date "2024.12.10"]
[Round "7.46"]
[White "Pham, Le Thao Nguyen"]
[Black "Moosavifar, Seyed Abolfazl"]
[Result "1-0"]
[WhiteTitle "IM"]
[BlackTitle "FM"]
[WhiteElo "2384"]
[BlackElo "2308"]
[WhiteFideId "12401226"]
[BlackFideId "42548195"]
[EventDate "2024.12.03"]

1. d4 Nf6 2. Nf3 e6 3. c4 d5 4. Nc3 Bb4 5. Qa4+ Nc6 6. a3 Bxc3+ 7. bxc3 Bd7 8.
cxd5 exd5 9. Bg5 h6 10. Bxf6 Qxf6 11. e3 O-O 12. Qb3 Qd6 13. Bd3 a6 14. O-O b5
15. Qc2 Na5 16. Ne5 c5 17. f4 c4 18. Bh7+ Kh8 19. Rf3 Nb3 20. Ra2 Be8 21. Bf5 f6
22. Ng4 Bh5 23. Rh3 Bxg4 24. Bxg4 Qe7 25. Qg6 Qf7 26. Qf5 g6 27. Qb1 f5 28. Bd1
Kg7 29. g4 fxg4 30. Bxg4 h5 31. Bd1 Qe6 32. Rg2 Nd2 33. Qc2 Rf6 34. f5 Rxf5 35.
Qxd2 Raf8 36. Be2 Qe4 37. Qe1 Kh6 38. Rhg3 R8f6 39. h4 Kh7 40. Rh3 a5 41. Kh2
Qe7 42. Qg3 Qxa3 43. Qc7+ Kh6 44. Rhg3 Qd6 45. Qxa5 g5 46. Qa8 Rf8 47. hxg5+ Kg6
48. Qa7 R5f7 49. Qc5 Qe6 50. Bxh5+ Kg7 51. Bxf7 Rh8+ 52. Kg1 Qa6 53. Qe7 1-0

[Event "Qatar Masters Open 2024"]
[Site "Doha QAT"]
[Date "2024.12.10"]
[Round "7.47"]
[White "Moksh, Amit Doshi"]
[Black "Heinemann, Josefine"]
[Result "1/2-1/2"]
[WhiteTitle "IM"]
[BlackTitle "WGM"]
[WhiteElo "2383"]
[BlackElo "2305"]
[WhiteFideId "25064967"]
[BlackFideId "12900460"]
[EventDate "2024.12.03"]

1. c4 e6 2. g3 d5 3. Bg2 Nf6 4. Nf3 dxc4 5. Qa4+ Nbd7 6. Qxc4 a6 7. Qc2 c5 8.
Nc3 Qc7 9. d4 b5 10. Bf4 Qa7 11. d5 Nxd5 12. Nxd5 exd5 13. a4 Bb7 14. axb5 Qb6
15. bxa6 Rxa6 16. O-O Be7 17. Bh3 Nf6 18. Rxa6 Qxa6 19. b4 Ne4 20. bxc5 Bxc5 21.
Ng5 Nxg5 22. Bxg5 Bd6 23. Bf5 h6 24. Bd3 Qc6 25. Qb1 O-O 26. Rc1 Qd7 27. Bh7+
Kh8 28. Bf5 Qe8 29. Bxh6 gxh6 30. Qxb7 Qxe2 31. Qxd5 Qe5 32. Qf3 Bc5 33. Rd1 Qf6
34. Rc1 Qe5 35. Bb1 Be7 36. Qd3 Qg7 37. Qf5 Bf6 38. Rc6 Bd4 39. Qf4 Kg8 40. Rxh6
Be5 41. Qc1 Bb2 42. Qc6 Qc3 43. Ba2 Qxc6 44. Rxc6 Ra8 45. Bd5 Ra7 46. h4 Kg7 47.
Kg2 f6 48. Be4 Bd4 49. f4 Ra5 50. Rc7+ Kh8 51. Bc2 Rc5 52. Rxc5 Bxc5 53. Kf3 Bb4
54. Ke2 Bd6 55. Ke3 Bc5+ 56. Kf3 Bb4 57. Kf2 Kg7 58. Ke2 Bd6 59. Kd3 Bb4 60. g4
Be1 61. h5 Kh6 62. Ke4 Bd2 63. Kf5 Bc1 1/2-1/2

[Event "Qatar Masters Open 2024"]
[Site "Doha QAT"]
[Date "2024.12.10"]
[Round "7.48"]
[White "Kunal, M."]
[Black "Panda, Sambit"]
[Result "0-1"]
[WhiteTitle "FM"]
[BlackTitle "IM"]
[WhiteElo "2292"]
[BlackElo "2381"]
[WhiteFideId "5018250"]
[BlackFideId "25091794"]
[EventDate "2024.12.03"]

1. e4 e5 2. Nf3 Nc6 3. Bb5 a6 4. Ba4 Nge7 5. c3 Ng6 6. d4 exd4 7. cxd4 Bb4+ 8.
Nc3 d5 9. Bxc6+ bxc6 10. Qa4 Bxc3+ 11. bxc3 Bd7 12. Ba3 dxe4 13. Ne5 c5 14. Qc4
O-O 15. Nxg6 hxg6 16. Qxc5 Re8 17. O-O Rb8 18. c4 c6 19. Rab1 Rxb1 20. Rxb1 e3
21. fxe3 Rxe3 22. Qd6 Qh4 23. Rf1 Bf5 24. Bc5 Bd3 25. Qb8+ Kh7 26. Qf4 Qxf4 27.
Rxf4 Bxc4 28. a3 g5 29. Rg4 f6 30. Rg3 Re1+ 31. Kf2 Re2+ 32. Kg1 Bd5 33. Kf1 Ra2
34. Kg1 Kg8 35. h3 Kf7 36. Kh2 Re2 37. Kg1 Rd2 38. Kh2 Ke6 39. h4 g6 40. hxg5 f5
41. Re3+ Be4 42. Kh3 Kd5 43. g3 Rf2 44. Re1 Bd3 45. Rh1 Be2 46. Kh4 Bf3 47. Rh3
Bg2 48. Rh2 Re2 49. g4 f4 0-1

[Event "Qatar Masters Open 2024"]
[Site "Doha QAT"]
[Date "2024.12.10"]
[Round "7.49"]
[White "Khoder, Akram"]
[Black "Aitbayev, Aslan"]
[Result "0-1"]
[WhiteTitle "FM"]
[BlackTitle "IM"]
[WhiteElo "2232"]
[BlackElo "2369"]
[WhiteFideId "5306914"]
[BlackFideId "13704613"]
[EventDate "2024.12.03"]

1. d4 d5 2. c4 c6 3. Nf3 Nf6 4. g3 Bf5 5. Nc3 e6 6. Nh4 dxc4 7. Nxf5 exf5 8. e3
Nbd7 9. Bxc4 Nb6 10. Bf1 Bd6 11. Qd3 g6 12. Bg2 O-O 13. O-O Re8 14. a3 Qe7 15.
Re1 h5 16. e4 fxe4 17. Nxe4 Nxe4 18. Bxe4 Qd7 19. Bd2 Bf8 20. Bf3 Bg7 21. Be3
Rad8 22. Rad1 c5 23. d5 Na4 24. Rb1 Nxb2 25. Qc2 Na4 26. Bg5 Rc8 27. d6 b5 28.
Be7 c4 29. Re3 Nb6 30. Be4 c3 31. Rbe1 Nc4 32. Rd3 Nb6 33. Rf3 Rxe7 34. dxe7
Qxe7 35. Re2 Qd6 36. Qb3 Nc4 37. Kg2 a6 38. a4 b4 39. Bd3 Qd5 40. Re8+ Kh7 41.
Qd1 Rc5 42. Rd8 Qc6 43. Kg1 Nb2 44. Qe2 Nxd3 45. Rxf7 Re5 0-1

[Event "Qatar Masters Open 2024"]
[Site "Doha QAT"]
[Date "2024.12.10"]
[Round "7.50"]
[White "Bakhrillaev, Bakhrom"]
[Black "Ajay Santhosh Parvathareddy"]
[Result "0-1"]
[WhiteTitle "FM"]
[BlackTitle "FM"]
[WhiteElo "2369"]
[BlackElo "2299"]
[WhiteFideId "14212285"]
[BlackFideId "25998676"]
[EventDate "2024.12.03"]

1. e4 c5 2. Nf3 d6 3. d4 cxd4 4. Nxd4 Nf6 5. Nc3 a6 6. f3 e6 7. Be3 b5 8. Qd2
Nbd7 9. g4 b4 10. Nd1 h6 11. Nc6 Qc7 12. Nxb4 Ne5 13. Be2 Bb7 14. O-O a5 15.
Bb5+ Ned7 16. Nd3 Be7 17. c4 O-O 18. Rc1 Rfd8 19. Qf2 Qb8 20. Nc3 Nf8 21. Na4
N8d7 22. h3 Ba6 23. Bc6 Bb7 24. Bxb7 Qxb7 25. Rfd1 Ra6 26. b3 Rc8 27. Qe1 Bd8
28. Rd2 Bc7 29. Bd4 Qb8 30. Re2 Rc6 31. Rd1 Rd8 32. h4 Nh7 33. Qd2 Ne5 34. Qe3
Ng6 35. Qf2 d5 36. cxd5 Bg3 37. Qe3 exd5 38. e5 Bxh4 39. f4 Re8 40. Qf3 Qc7 41.
Rh2 Be7 42. Kh1 Ngf8 43. g5 hxg5 44. f5 Rd8 45. Rg1 f6 46. Qh5 fxe5 47. Nxe5 Bd6
48. Nxc6 Bxh2 49. Rc1 Rd6 50. Qe8 Rh6 51. Rc3 Nf6 52. Qe2 Ne4 53. Kg2 Nxc3 54.
Ne7+ Kf7 55. Nxc3 Qg3+ 56. Kf1 Qf4+ 57. Bf2 Bg3 58. Nd1 Rh1+ 59. Kg2 Rh2+ 60.
Kg1 Rxf2 0-1

[Event "Qatar Masters Open 2024"]
[Site "Doha QAT"]
[Date "2024.12.10"]
[Round "7.51"]
[White "Balajayeva, Khanim"]
[Black "Bagwe, Gaurang"]
[Result "0-1"]
[WhiteTitle "IM"]
[BlackTitle "FM"]
[WhiteElo "2362"]
[BlackElo "2302"]
[WhiteFideId "13406396"]
[BlackFideId "45039895"]
[EventDate "2024.12.03"]

1. e4 e5 2. Nf3 Nc6 3. Bb5 a6 4. Ba4 Nf6 5. O-O Be7 6. d3 b5 7. Bb3 d6 8. a3 Bg4
9. Be3 d5 10. h3 Bh5 11. exd5 Nxd5 12. Nc3 Nxc3 13. bxc3 O-O 14. Re1 Kh8 15. a4
Qd6 16. Ng5 Bxd1 0-1

[Event "Qatar Masters Open 2024"]
[Site "Doha QAT"]
[Date "2024.12.10"]
[Round "7.52"]
[White "Mohamed, Anees M"]
[Black "Nayak, Rajesh"]
[Result "1/2-1/2"]
[WhiteTitle "FM"]
[BlackTitle "CM"]
[WhiteElo "2344"]
[BlackElo "2292"]
[WhiteFideId "35065815"]
[BlackFideId "35017152"]
[EventDate "2024.12.03"]

1. e4 c5 2. Nf3 Nc6 3. d4 cxd4 4. Nxd4 Nf6 5. Nc3 d6 6. Bg5 e6 7. Qd2 a6 8. Nxc6
bxc6 9. O-O-O Be7 10. Bxf6 gxf6 11. Bc4 Bb7 12. Rhe1 Qa5 13. Kb1 O-O-O 14. Bb3
d5 15. exd5 cxd5 16. Qh6 d4 17. Ne4 Qf5 18. f3 Kb8 19. Qd2 h5 20. Qf2 Qa5 21. f4
h4 22. a3 Rhg8 23. g3 hxg3 24. hxg3 f5 25. Nd2 d3 26. Nc4 Qb5 27. Ka2 dxc2 28.
Rxd8+ Rxd8 29. Qxc2 Rc8 30. Qe2 Bd5 31. Nd2 Bxb3+ 32. Nxb3 Qxe2 33. Rxe2 Bf6 34.
Kb1 Kb7 35. Nd2 Rg8 36. Re3 Rh8 37. Nc4 Rh1+ 38. Ka2 Rd1 39. Kb3 Kc6 40. Kc2 Rg1
41. b4 Bd4 42. Rd3 Kd5 43. Nd2 Rg2 44. Kb3 f6 45. Nc4 Ke4 46. Rd1 Rxg3+ 47. Ka4
e5 48. fxe5 fxe5 49. Nd6+ Kd5 50. Nxf5 Rf3 51. Nxd4 exd4 52. Ra1 Kc4 53. Ka5 d3
54. Rd1 Rf6 55. a4 Rd6 56. b5 axb5 57. axb5 d2 58. b6 Kc3 59. b7 Rd8 60. Kb6 1/2-1/2

[Event "Qatar Masters Open 2024"]
[Site "Doha QAT"]
[Date "2024.12.10"]
[Round "7.53"]
[White "Aziz, Husain"]
[Black "Jaiveer, Mahendru"]
[Result "1-0"]
[WhiteTitle "IM"]
[BlackTitle "FM"]
[WhiteElo "2329"]
[BlackElo "2271"]
[WhiteFideId "12100293"]
[BlackFideId "25611151"]
[EventDate "2024.12.03"]

1. d4 d5 2. Nf3 Nf6 3. Bf4 e6 4. e3 Bd6 5. Nbd2 O-O 6. c3 c5 7. Bd3 Nc6 8. Bg3
Re8 9. Ne5 Bxe5 10. dxe5 Nd7 11. Nf3 h6 12. O-O Qc7 13. e4 Nf8 14. Re1 Qd7 15.
Qe2 a6 16. Rad1 b5 17. Bb1 Ne7 18. h4 Bb7 19. h5 Qc6 20. Nd2 Rad8 21. Qg4 Kh8
22. Bh4 Ng8 23. Bxd8 Rxd8 24. exd5 exd5 25. Ne4 Bc8 26. Qg3 Be6 27. b4 Nd7 28.
Nxc5 Nxc5 29. bxc5 Ne7 30. Qd3 Bf5 31. Qd4 Be6 32. g4 Kg8 33. Kh2 Rc8 34. Kg3
Qxc5 35. Qxc5 Rxc5 36. Re3 Bc8 37. f4 Kf8 38. Be4 Ke8 39. Bf3 a5 40. f5 Bxf5 41.
gxf5 Nxf5+ 42. Kf2 Nxe3 43. Kxe3 Rxc3+ 44. Rd3 Rc2 45. Bxd5 Rh2 46. Kd4 Rxh5 47.
Rf3 f6 48. exf6 gxf6 49. Rxf6 Ke7 50. Rb6 b4 51. Ra6 Rg5 52. Rxa5 h5 53. Rb5 h4
54. Rxb4 h3 55. Rb7+ Kd6 56. Rb6+ Kc7 57. Rh6 1-0

[Event "Qatar Masters Open 2024"]
[Site "Doha QAT"]
[Date "2024.12.10"]
[Round "7.54"]
[White "Fandi, Mazen"]
[Black "Jani, Kushal R"]
[Result "0-1"]
[WhiteElo "2278"]
[BlackElo "2326"]
[WhiteFideId "7611625"]
[BlackFideId "25679988"]
[EventDate "2024.12.03"]

1. e4 e5 2. Nf3 Nc6 3. Bb5 a6 4. Ba4 Nf6 5. O-O d6 6. Re1 Bd7 7. c3 g6 8. d4 Bg7
9. Bc2 O-O 10. h3 Nh5 11. Be3 Qe8 12. Nbd2 Kh8 13. dxe5 dxe5 14. Bc5 Rg8 15. Bb3
Nf4 16. Ng5 Nd8 17. Nc4 Nde6 18. Nxe6 Bxe6 19. Be3 g5 20. Na5 Rd8 21. Qc2 Bc8
22. Rad1 Rxd1 23. Rxd1 Bf6 24. Bxf4 gxf4 25. Qd3 Qf8 26. Kf1 b6 27. Nc6 a5 28.
Bc4 Bb7 29. Bb5 Bh4 30. Rd2 Qg7 31. Qf3 Qf6 32. Qh5 Bg5 33. h4 Bxc6 34. Bxc6 Bh6
35. Bd7 f3 36. Bf5 Qg7 37. Qxf3 Bxd2 38. g3 Qf6 39. Qh5 h6 40. Qe2 Rd8 41. Qc4
Qe7 42. Kg2 Rf8 43. Kh3 Qd6 44. Kg4 Be1 45. f4 Qd1+ 46. Kh3 Qf3 0-1

[Event "Qatar Masters Open 2024"]
[Site "Doha QAT"]
[Date "2024.12.10"]
[Round "7.55"]
[White "Sriansh Das"]
[Black "Prraneeth, Vuppala"]
[Result "0-1"]
[BlackTitle "GM"]
[WhiteElo "2315"]
[BlackElo "2461"]
[WhiteFideId "45030081"]
[BlackFideId "46622373"]
[EventDate "2024.12.03"]

1. e4 c5 2. Nf3 d6 3. d4 cxd4 4. Nxd4 Nf6 5. Nc3 a6 6. Be3 Nbd7 7. Qd2 b5 8. Bd3
Bb7 9. O-O e6 10. f3 b4 11. Na4 d5 12. exd5 Nxd5 13. Bf2 Bd6 14. Rfe1 O-O 15.
Rad1 Qc7 16. h3 N7f6 17. Ne2 Rac8 18. Qg5 h6 19. Qh4 Rfe8 20. c4 bxc3 21. Naxc3
Bc5 22. Nxd5 Nxd5 23. Rc1 Bxf2+ 24. Qxf2 Qa5 25. a3 Rxc1 26. Rxc1 Rd8 27. Qa7
Qd2 28. Qd4 g6 29. b3 e5 30. Qh4 Rd7 31. Bc4 Nf4 32. Re1 Nd3 33. Bxd3 Rxd3 34.
Nc1 Re3 35. Rf1 Rc3 36. Qe1 Qd4+ 37. Kh1 Rc2 38. Qb4 Qxb4 39. axb4 e4 40. Kg1
Bc6 41. Kh1 Kg7 42. Kg1 g5 43. g4 exf3 0-1

[Event "Qatar Masters Open 2024"]
[Site "Doha QAT"]
[Date "2024.12.10"]
[Round "7.56"]
[White "Ezat, Mohamed"]
[Black "Amartuvshin, Ganzorig"]
[Result "0-1"]
[WhiteTitle "IM"]
[BlackTitle "IM"]
[WhiteElo "2312"]
[BlackElo "2392"]
[WhiteFideId "10600906"]
[BlackFideId "4902548"]
[EventDate "2024.12.03"]

1. d4 Nf6 2. Nf3 e6 3. e3 c5 4. Bd3 d5 5. b3 Be7 6. O-O b6 7. Nbd2 O-O 8. Bb2
Bb7 9. Ne5 cxd4 10. exd4 Nbd7 11. f4 Ne4 12. Qe2 f5 13. Ndf3 Nxe5 14. Nxe5 Bd6
15. a4 Qe7 16. a5 bxa5 17. Rxa5 Bb4 18. Raa1 a5 19. Qe3 Ba6 20. Rfd1 Bxd3 21.
cxd3 Nf6 22. Rdc1 Ng4 23. Nxg4 fxg4 24. Bc3 Kh8 25. g3 h6 26. Ra4 Rfb8 27. Bxb4
Rxb4 28. f5 Rxb3 29. Qxe6 Qg5 30. Rf1 Rxd3 31. Qxd5 Re8 32. Ra2 a4 33. Qc6 Qe3+
34. Raf2 Rxd4 35. f6 Rf8 36. Kh1 Kh7 37. Rf4 Rxf6 38. Rxf6 gxf6 39. Qxf6 Qe4+
40. Kg1 Rd7 41. Qf8 Qd4+ 42. Kh1 Qd5+ 43. Kg1 Rc7 44. Qf4 Rc2 45. Qf7+ Qxf7 46.
Rxf7+ Kg8 47. Ra7 Ra2 48. Kf1 a3 49. Ke1 h5 50. Kd1 Kf8 51. Kc1 Ra1+ 52. Kc2
Ra2+ 53. Kc3 h4 54. Kd3 Rxh2 55. Rxa3 h3 56. Ke3 Rh1 57. Ra8+ Kf7 58. Ra7+ Ke6
59. Ra6+ Kd5 60. Ra5+ Kc6 61. Rh5 h2 62. Kf2 Rc1 63. Kg2 h1=Q+ 64. Rxh1 Rxh1 65.
Kxh1 Kd5 0-1

[Event "Qatar Masters Open 2024"]
[Site "Doha QAT"]
[Date "2024.12.10"]
[Round "7.57"]
[White "Kamalidenova, Meruert"]
[Black "Priansh, Das"]
[Result "1-0"]
[WhiteTitle "IM"]
[WhiteElo "2378"]
[BlackElo "2311"]
[WhiteFideId "13712802"]
[BlackFideId "45029946"]
[EventDate "2024.12.03"]

1. e4 e5 2. Nf3 Nf6 3. Nc3 Nc6 4. d4 exd4 5. Nxd4 Bb4 6. Nxc6 bxc6 7. Bd3 O-O 8.
O-O Re8 9. Qf3 h6 10. Bf4 d5 11. exd5 cxd5 12. Nb5 Ba5 13. Nd4 Bd7 14. Nf5 Ne4
15. Ng3 Bc6 16. Rad1 Qf6 17. c3 Rab8 18. Nh5 Qg6 19. Bc1 Re5 20. Nf4 Qf6 21. Qg4
Rg5 22. Qh3 Rf5 23. f3 Rxf4 24. Bxf4 Bb6+ 25. Kh1 Nf2+ 26. Rxf2 Bxf2 27. Bxc7
Re8 28. Bg3 Bb6 29. Qh4 Qe6 30. Re1 Qd7 31. Rxe8+ Qxe8 32. Qf4 g5 33. Qf5 Qe3
34. Qh7+ Kf8 35. Qxh6+ Ke8 36. Qxc6+ Kf8 37. Qh6+ Ke8 38. Bb5+ 1-0

[Event "Qatar Masters Open 2024"]
[Site "Doha QAT"]
[Date "2024.12.10"]
[Round "7.58"]
[White "Munkhzul, Turmunkh"]
[Black "Dixit, Nikhil"]
[Result "1/2-1/2"]
[WhiteTitle "WGM"]
[BlackTitle "FM"]
[WhiteElo "2301"]
[BlackElo "2361"]
[WhiteFideId "4901878"]
[BlackFideId "5059534"]
[EventDate "2024.12.03"]

1. e4 c5 2. Nf3 Nc6 3. d4 cxd4 4. Nxd4 e5 5. Nb5 d6 6. N1c3 a6 7. Na3 Be7 8. Nc4
Nf6 9. Bg5 O-O 10. Bxf6 Bxf6 11. Nd5 Be6 12. Ncb6 Rb8 13. c3 Bg5 14. h4 Bh6 15.
g3 Ne7 16. Bg2 Nxd5 17. Nxd5 Rc8 18. O-O Rc5 19. Qd3 Bxd5 20. exd5 f5 21. Rad1
Rc7 22. c4 e4 23. Qd4 b5 24. cxb5 axb5 25. b3 Rc2 26. a4 bxa4 27. bxa4 Qc7 28.
Rfe1 Ra2 29. Bf1 f4 30. Qxe4 fxg3 31. fxg3 Qc5+ 32. Kh1 Qf2 33. Re2 Rxe2 34.
Bxe2 Qxg3 35. Qg4 Qxg4 36. Bxg4 Rf4 37. Be6+ Kf8 38. Ra1 Rxh4+ 39. Kg2 Be3 40.
a5 Rc4 41. a6 Rc7 42. Rf1+ Ke8 43. Re1 Bc5 44. Bg8+ Re7 45. Rxe7+ Kxe7 46. Bxh7
Kd8 47. Kf3 Kc7 48. Kg4 Ba7 49. Kf5 Bb6 50. Bg8 Ba7 51. Kg6 Bb6 52. Kxg7 Ba7 53.
Kf7 Bb6 54. Ke7 Ba7 55. Be6 1/2-1/2

[Event "Qatar Masters Open 2024"]
[Site "Doha QAT"]
[Date "2024.12.10"]
[Round "7.59"]
[White "Sliwicka, Alicja"]
[Black "Vaibhav, Jayant Raut"]
[Result "1-0"]
[WhiteTitle "WGM"]
[BlackTitle "CM"]
[WhiteElo "2346"]
[BlackElo "2304"]
[WhiteFideId "1150677"]
[BlackFideId "5089034"]
[EventDate "2024.12.03"]

1. e4 c5 2. Nf3 e6 3. d4 cxd4 4. Nxd4 a6 5. Bd3 Ne7 6. O-O Nbc6 7. c3 g6 8. Bf4
Bg7 9. Nxc6 dxc6 10. e5 O-O 11. Qe2 Nd5 12. Bg3 f5 13. exf6 Qxf6 14. Nd2 e5 15.
Bc4 Kh8 16. Rfe1 Nf4 17. Qe3 Bg4 18. f3 Bh5 19. Ne4 Qe7 20. h4 h6 21. Qc5 Rae8
22. Qxe7 Rxe7 23. Bf2 Nxg2 24. Kxg2 Bxf3+ 25. Kg3 Rf4 26. Nd2 Bh5 27. Be2 Bf6
28. Kg2 Rxf2+ 29. Kxf2 Bxh4+ 30. Kg2 Bxe1 31. Rxe1 Bxe2 32. Rxe2 Kg7 33. Ne4 g5
34. Rd2 Rf7 35. Rd6 Rf4 36. Ng3 Rf7 37. Nh5+ Kh7 38. Re6 Rf5 39. Ng3 Rf7 40. a4
Rd7 41. Ne4 Rd1 42. a5 Re1 43. Ng3 h5 44. Nxh5 Re2+ 45. Kf3 Rxb2 46. Rxe5 Kh6
47. Nf6 b6 48. axb6 Rxb6 49. Ne4 Rb5 50. Re6+ Kg7 51. Rxc6 a5 52. Ra6 Rf5+ 53.
Ke3 g4 54. Kd4 Kf8 55. c4 Ke7 56. c5 Kd7 57. Rxa5 Rf1 58. Ra7+ Kc6 59. Ra6+ Kc7
60. Rg6 Rg1 61. Ke5 Kb7 62. Kf5 1-0

[Event "Qatar Masters Open 2024"]
[Site "Doha QAT"]
[Date "2024.12.10"]
[Round "7.60"]
[White "Munguntuul, Batkhuyag"]
[Black "Zhukova, Natalia"]
[Result "1/2-1/2"]
[WhiteTitle "IM"]
[BlackTitle "GM"]
[WhiteElo "2342"]
[BlackElo "2302"]
[WhiteFideId "4900758"]
[BlackFideId "14101513"]
[EventDate "2024.12.03"]

1. e4 e5 2. Nf3 Nc6 3. Bb5 a6 4. Ba4 Nf6 5. O-O b5 6. Bb3 Bb7 7. d3 Be7 8. Nc3
O-O 9. a3 Nd4 10. Nxd4 exd4 11. Ne2 c5 12. Ng3 d5 13. f3 c4 14. Ba2 g6 15. Bh6
Re8 16. Qd2 Nd7 17. Rae1 Rc8 18. f4 Nf6 19. e5 Ng4 20. f5 Nxh6 21. Qxh6 Bg5 22.
Qh3 Be3+ 23. Rxe3 dxe3 24. d4 Qg5 25. c3 Rc6 26. Bb1 Bc8 27. Ne2 gxf5 28. Nf4 f6
29. Qf3 fxe5 30. Qxd5+ Kf8 31. dxe5 Rc7 32. e6 e2 33. Nxe2 Bxe6 34. Qd6+ Qe7 35.
Qxa6 Bc8 36. Qh6+ Qg7 37. Qd6+ Kg8 38. Nd4 Rce7 39. Bxf5 Bb7 40. g3 Qg5 41. Be6+
Kh8 42. Rf4 Qg6 43. Qe5+ Rg7 44. Qf5 Rge7 45. Qe5+ Rg7 46. Qf5 Rge7 47. Qe5+ 1/2-1/2